Central Library OPAC University of Rajshahi

A century of George Eliot criticism / (Record no. 63015)

MARC details
000 -LEADER
fixed length control field 00699nam a2200229 a 4500
001 - CONTROL NUMBER
control field 63015
003 - CONTROL NUMBER IDENTIFIER
rucl marc code BD-RjUL
005 - DATE AND TIME OF LATEST TRANSACTION
control field 20211209081142.0
008 - FIXED-LENGTH DATA ELEMENTS--GENERAL INFORMATION
fixed length control field 170128s1965 e 001 0 eng
035 ## - SYSTEM CONTROL NUMBER
System control number (BD-RjUL)63143
040 ## - CATALOGING SOURCE
Original cataloging agency DLC
Transcribing agency ODaWU
Modifying agency OCoLC
-- BD-RjUL
Language of cataloging eng
041 ## - LANGUAGE CODE
Language code of text/sound track or separate title eng
082 ## - DEWEY DECIMAL CLASSIFICATION NUMBER
Classification number 828.8
Edition number 23
Author mark and year CEN 1966
245 12 - TITLE STATEMENT
Title A century of George Eliot criticism /
Statement of responsibility, etc. edited by Gordon S. Haight.
260 ## - PUBLICATION, DISTRIBUTION, ETC. (IMPRINT)
Place of publication, distribution, etc. LOndon :
Name of publisher, distributor, etc. Houghton Mifflin,
Date of publication, distribution, etc. c1965-1966
300 ## - PHYSICAL DESCRIPTION
Pagination xiv, 370 p. ;
Size 22 cm.
500 ## - GENERAL NOTE
General note Include index
600 10 - SUBJECT ADDED ENTRY--PERSONAL NAME
Personal name Eliot, George,
Dates associated with a name 1819-1880
General subdivision Criticism and interpretation.
700 ## - ADDED ENTRY--PERSONAL NAME
Personal name Haight, Gordon Sherman,
942 ## - ADDED ENTRY ELEMENTS (KOHA)
Source of classification or shelving scheme Dewey Decimal Classification
Koha item type Books
Holdings
Lost status Source of classification or shelving scheme Damaged status Not for loan Collection code Permanent Location Current Location Shelving location Date acquired Source of acquisition Cost, normal purchase price Total Checkouts Full call number Date last seen Copy number Koha item type
  Dewey Decimal Classification   Not For Loan Non-fiction Central Library, University of Rajshahi Central Library, University of Rajshahi Reading Room 27/06/1968 Swets & zeitlinger 42.00   828.8 CEN 1966 28/01/2017 C-1 Books
  Dewey Decimal Classification     Non-fiction Central Library, University of Rajshahi Central Library, University of Rajshahi   08/08/1972 Book centre 23.10   828.8 CEN 1966 14/02/2017 C-2 Books